The Future of the automobile : the report of MIT's International Automobile Program

Đã lưu trong:
Bibliografiske detaljer
Hovedforfatter: Altshuler, Alan
Format: Bog
Sprog:Undetermined
Udgivet: Cambridge, Mass MIT Press 1984
Fag:
Tags: Tilføj Tag
Ingen Tags, Vær først til at tagge denne postø!
Thư viện lưu trữ: Trung tâm Học liệu Trường Đại học Cần Thơ
LEADER 00580nam a2200181Ia 4500
001 CTU_85227
008 210402s9999 xx 000 0 und d
082 |a 338.4 
082 |b A456 
100 |a Altshuler, Alan 
245 4 |a The Future of the automobile : the report of MIT's International Automobile Program 
245 0 |c Alan Altshuler 
260 |a Cambridge, Mass 
260 |b MIT Press 
260 |c 1984 
650 |a International automobile program,Massachusetts institute of technology 
904 |i Năm 
980 |a Trung tâm Học liệu Trường Đại học Cần Thơ